000 00622nam a22002177a 4500
003 UA-OsUOA
001 118389
007 ta
008 20160811b un ||||| |||| 00| 0 ukr d
100 _aБарановський О.І.
090 _a330(477)
_bБ24
942 _cSA
040 _aUA-OsUOA
_bukr
_cUA-OsUOA
_dUA-OsUOA
245 _aЗагрози фінансовій безпеці фондового ринку
300 _aС.15-34
955 _a0
041 _aukr
080 _a330(477)
773 0 _w118387
_tФінанси України
_dК.
_d2016
_g3
650 7 _a330 Економіка взагалі
_2UDC
999 _c404468
_d404468